| 000 | 00768nam a2200193 a 4500 | ||
|---|---|---|---|
| 008 | 130806s2013 ||||||||||||||||| || u | ||
| 020 | _a9781455708307 | ||
| 050 | _aRB 145 Rod | ||
| 100 | _aCarr, Jacqueline H | ||
| 245 | 1 | 0 |
_aClinical hematology atlas (4th ed.) _cBy Bernadette F. Rodak and Jacqueline H. Carr |
| 250 | _a4th ed. | ||
| 260 |
_aSt Louis Missouri: _bElsevier Saunders _c2013 |
||
| 300 | _axiii, 253p.: ill. | ||
| 650 | _aBLOOD--DISEASES--ATLASES | ||
| 650 | _aHEMATOLOGY--ATLASES | ||
| 650 | _aHEMATOLOGIC--DISEASES--DIAGNOSIS--ATLASES | ||
| 700 | _aRodak, Bernadette F | ||
| 995 |
_aMEDICAL LIBRARY OPEN ACCESS _e902320 _FCBU-SCHOOL OF MEDICINE LIBRARY (Ndola) _jRB 145 Rod _M1 _UAVAILABLE _WAug 12, 2013 _y902320 _ZMedical Library Open Access Collection |
||
| 999 |
_c31024 _d31024 |
||